000 01032nam a22003017a 4500
001 240014
003 DO-SdBNP
005 20221108071652.0
007 240014
008 160316b 1981 sp xxu||||| |||| 00| 0 spa d
020 _a8402077110
040 _aBPMSU
_bspa
_cBPMSU
082 4 _a813.5
_bA832l 1981
_222
100 1 _aAsimov, Isaac,
_d1920-1992.
245 1 0 _aLucky Starr :
_blas lunas de Júpiter /
_cIsaac Asimov ; ilustraciones de Nino Velasco ; traducción: María Teresa Segur.
260 _aBarcelona :
_bBruguera,
_c1981.
300 _a206, [1] p. :
_bil. ;
_c19 cm.
490 0 _aClub joven
_v5
500 _aIncluye datos biográficos del autor en la contracubierta
534 _aTítulo original :
_tLucky Starr and the moons of Jupiter.
590 _6Inventariado, 2022/VM
650 4 _aNovela estadounidense.
650 4 _aViajes interplanetarios
_vNovela.
700 1 _aVelasco, Velasco,
_etr.
700 1 _aSegur, María Teresa,
_etr.
910 _aLOPEREZ/ VMateo V./Validado
942 _2ddc
_cBK
999 _c9250
_d9250